10 Random Numbers 1-90 - Blind Ranking - Statistics

General Stats
  • This quiz has been taken 39 times
  • The average score is 6 of 10
Answers on the Map
Answers color-coded by a green-red scale on the quiz's map according to % correct below.
 
Answer Stats
Number % Correct
1
100%
11
100%
12
100%
13
100%
18
100%
20
100%
21
100%
22
100%
23
100%
26
100%
35
100%
37
100%
46
100%
5
100%
52
100%
53
100%
62
100%
65
100%
69
100%
70
100%
74
100%
83
100%
84
100%
85
100%
87
100%
88
100%
90
100%
28
80%
32
80%
3
75%
45
75%
2
67%
30
67%
43
67%
68
67%
82
67%
9
60%
27
50%
40
50%
42
50%
55
50%
57
50%
60
50%
64
50%
7
50%
76
50%
15
40%
33
33%
36
33%
48
33%
6
33%
75
33%
77
25%
10
0%
14
0%
16
0%
17
0%
19
0%
24
0%
25
0%
29
0%
31
0%
34
0%
38
0%
39
0%
4
0%
41
0%
44
0%
47
0%
49
0%
50
0%
51
0%
54
0%
56
0%
58
0%
59
0%
61
0%
63
0%
66
0%
67
0%
71
0%
72
0%
73
0%
78
0%
79
0%
8
0%
80
0%
81
0%
86
0%
89
0%
No matching quizzes found
Score Distribution
Percent of People with Each Score
Percentile by Number Answered
Your Score History
You have not taken this quiz